00487nam a2200169Ia 4500003000900000008004100009020001800050040001600068080001800084100001800102245007100120260004700191300001600238650001900254650002200273650002200295IN-BaIIA211028s9999 xx 000 0 eng d a0-226-10953-4 cIIA Library a524.3-54bCLA aClayton, D. D 0aPrinciples of stellar evolution and nucleosynthesiscD. D. Clayton aChicagobUniversity of Chicago Pressc1983 axxii, 612p. aNuleosynthesis aStars - evolution aStellar structure